| 000 | 00661nam a2200217 a 4500 | ||
|---|---|---|---|
| 005 | 20240821063756.0 | ||
| 008 | 011030s1983 mx r 000 0 spa d | ||
| 020 | _a9683101704 | ||
| 035 | _aUPN01000113620 | ||
| 049 | _aC | ||
| 050 | 4 |
_aP327 _bB3.3 |
|
| 100 | 1 |
_aBartholomew, Doris Aileen, _d1930- _936693 |
|
| 245 | 1 | 0 |
_aBilingual dictionaries / _cDoris A. Bartholomew and Louise C. Schoenhals. |
| 260 |
_aMéxico : _bILVAC, _c1983. |
||
| 300 |
_axvii, 370 p. _eil. |
||
| 650 | 4 | _aLEXICOGRAFIA | |
| 650 | 4 |
_aEspañol _xLexicografía _917038 |
|
| 650 | 4 |
_aINDIOS DE AMERICA DEL NORTE - _xLENGUAS |
|
| 700 | 1 |
_aSchoenhals, Louise C., _ecoaut. |
|
| 905 | _aLibro | ||
| 999 |
_c87528 _d87528 |
||